|
|
|
|
| LEADER |
03173nam a2200385 a 4500 |
| 001 |
GR-Patra16559 |
| 008 |
031128s2000 gr e 000 0 gre d |
| 020 |
|
|
|a 9603785296
|
| 040 |
|
|
|a GrPaTEI
|b gre
|c GR-PaULI
|
| 040 |
|
|
|a GrPaTEI
|b gre
|c GR-PaULI
|
| 082 |
|
0 |
|a 658.4012
|2 21
|
| 100 |
1 |
|
|a Walsh, Ciaran
|
| 245 |
1 |
0 |
|a Αριθμοδείκτες και management /
|c Ciaran Walsh ; Μετάφραση: Τρισεύγενη Παπαϊωάννου ; Επιμέλεια: Αθανάσιος Τρουπάκης.
|
| 260 |
|
|
|a [Αθήνα] :
|b Πατάκης,
|c 2000
|
| 300 |
|
|
|a 351σ.
|
| 500 |
|
|
|a Κατηγορία πράξεων: 2.5.1. Δια βίου εκπαίδευση. Έργο: Προγράμματα σπουδών επιλογής, Υποέργο 1: Αυτεπιστασία Π.Σ.Ε. Τ.Ε.Ι. Πατρών "Τεχνολογία και οργάνωση μικρομεσαίων επιχειρήσεων":43468
|
| 500 |
|
|
|a Τίτλος πρωτοτύπου: Κey management ratios
|
| 500 |
|
|
|a Τμήμα Επιχειρηματικού Σχεδιασμού και Πληροφοριακών Συστημάτων: 22435 - 22440, 26211,26212
|
| 610 |
0 |
4 |
|a Κατηγορία πράξεων: 2.5.1. Δια βίου εκπαίδευση.
|b Έργο: Προγράμματα Σπουδών Επιλογής.
|b Υποέργο 1: Αυτεπιστασία Π.Σ.Ε. Τ.Ε.Ι. Πατρών "Τεχνολογία και οργάνωση μικρομεσαίων επιχειρήσεων"
|
| 610 |
2 |
4 |
|a Τμήμα Επιχειρηματικού Σχεδιασμού και Πληροφοριακών Συστημάτων
|
| 650 |
|
0 |
|a Management
|
| 650 |
|
4 |
|a ΑΡΙΘΜΟΔΕΙΚΤΕΣ
|
| 650 |
|
4 |
|a Μάνατζμεντ
|
| 700 |
1 |
|
|a Παπαϊωάννου, Τρισεύγενη
|
| 700 |
1 |
|
|a Τρουπάκης, Αθανάσιος
|
| 710 |
0 |
|
|a Πατάκης
|
| 942 |
|
|
|2 ddc
|
| 952 |
|
|
|0 0
|1 0
|2 ddc
|4 0
|6 658_401200000000000_WAL
|7 0
|9 296019
|a LISK
|b LISK
|c BSC
|d 2021-01-17
|e 24
|f 0
|g 0.00
|l 0
|o 658.4012 WAL
|p 92410022438
|r 2021-01-17 00:00:00
|t 1
|w 2021-01-17
|y BK15
|x 20031128 0 1
|x GrPaTEI
|
| 952 |
|
|
|0 0
|1 0
|2 ddc
|4 0
|6 658_401200000000000_WAL
|7 0
|9 296020
|a LISK
|b LISK
|c BSC
|d 2021-01-17
|e 24
|f 0
|g 0.00
|l 0
|o 658.4012 WAL
|p 92410022439
|r 2021-01-17 00:00:00
|t 1
|w 2021-01-17
|y BK15
|x 20031128 0 1
|x GrPaTEI
|
| 952 |
|
|
|0 0
|1 0
|2 ddc
|4 0
|6 658_401200000000000_WAL
|7 0
|9 296021
|a LISK
|b LISK
|c BSC
|d 2021-01-17
|e 24
|f 0
|g 0.00
|l 0
|o 658.4012 WAL
|p 92410022440
|r 2021-01-17 00:00:00
|t 1
|w 2021-01-17
|y BK15
|x 20031128 0 1
|x GrPaTEI
|
| 952 |
|
|
|0 0
|1 0
|2 ddc
|4 0
|6 658_401200000000000_WAL
|7 0
|9 296022
|a LISK
|b LISK
|c BSC
|d 2021-01-17
|e 24
|f 0
|g 0.00
|l 0
|o 658.4012 WAL
|p 92410026211
|r 2021-01-17 00:00:00
|t 1
|w 2021-01-17
|y BK15
|x 20040805 0 1
|x GrPaTEI
|
| 952 |
|
|
|0 0
|1 0
|2 ddc
|4 0
|6 658_401200000000000_WAL
|7 0
|9 296024
|a LISK
|b LISK
|c BSC
|d 2021-01-17
|e 24
|f 0
|g 0.00
|l 1
|o 658.4012 WAL
|p 92410043468
|r 2022-02-07 00:00:00
|s 2022-02-07
|t 1
|w 2021-01-17
|y BK15
|x 20080806 0 1
|x GrPaTEI
|
| 952 |
|
|
|0 0
|1 0
|2 ddc
|4 0
|6 658_401200000000000_WAL
|7 1
|9 296026
|a LISK
|b LISK
|c BSC
|d 2021-01-17
|e 24
|f 0
|g 0.00
|l 0
|o 658.4012 WAL
|p 92410022436
|r 2021-01-17 00:00:00
|t 1
|w 2021-01-17
|y BKN
|x 20031128 0 0
|x GrPaTEI
|
| 971 |
|
|
|a .b26640740
|b 08-10-20
|c 23-09-16
|
| 999 |
|
|
|c 172635
|d 172635
|